000 00674nam a2200217 a 4500
005 20140310183446.0
008 080930s19uu xx 00 eng d
020 _a1591582768
050 _aLB 2331.63
_b.R48 2006
245 _aRevisiting outcomes assessment in higher education /
260 _aWestport, Connecticut :
_bLibraries Unlimited,
_c2006.
300 _a456 p. :
_bill. ;
_c24 cm.
521 _aEDU
650 _aSped Books.
650 _aEducation, Higher
_xUnited States
_xEvaluation.
650 _aEducational tests and measurements
_xUnited States.
700 _aDugan, Robert E.
700 _aSchwartz, Candy
942 _cBK
_2lcc
_kFOR
999 _c23243
_d23243